Women in Changing Society (Record no. 11203)
[ view plain ]
| 000 -LEADER | |
|---|---|
| fixed length control field | 00570nam a2200229 a 4500 |
| 020 ## - INTERNATIONAL STANDARD BOOK NUMBER | |
| ISBN | |
| 082 00 - DEWEY DECIMAL CLASSIFICATION NUMBER | |
| Classification number | 305.42 |
| Author Cutter | SUB |
| 100 ## - MAIN ENTRY--AUTHOR NAME | |
| Author name | Submma, Malladi |
| 245 ## - TITLE STATEMENT | |
| Title | Women in Changing Society |
| 260 ## - PUBLICATION, DISTRIBUTION, ETC. (IMPRINT) | |
| Place of publication | Hyderabad |
| Name of publisher | Malladi Subbamma Trust |
| Year of publication | 1994 |
| 500 ## - GENERAL NOTE | |
| General note | includes index and biblioraphy |
| 505 2# - FORMATTED CONTENTS NOTE | |
| Formatted contents note | Bibliography, Index |
| 650 ## - SUBJECT ADDED ENTRY--TOPICAL TERM | |
| Topical Term | Women-India |
| 942 ## - ADDED ENTRY ELEMENTS (KOHA) | |
| Koha item type | Books |
| 700 1# - | |
| -- | Submma, Malladi |
| Collection code | Home library | Current library | Date acquired | Cost, normal purchase price | Full call number | Accession Number | Koha item type |
|---|---|---|---|---|---|---|---|
| Henry Martyn Institute Library | Henry Martyn Institute Library | 10/30/2007 | 100.00 | 305.42 SUB | 018047 | Books |
